000 00592nam a22001697a 4500
003 BD-ChCU
005 20260413144859.0
008 260413b bg ||||| |||| 00| 0 ben d
040 _cBD-ChCU
082 _a৮১৩.০১ মিত্র ৪১ র
100 _aমিত্র,গজেন্দ্রকুমার
_921458
245 _aরক্তকমল/
_c গজেন্দ্রকুমার মিত্র
260 _aকলিকাতা:
_c১৯;...?
300 _a১৬৩পৃ.
650 0 _aবাংলা ছোটগল্প
_921459
942 _2ddc
_cBK
_n0
999 _c112191
_d112191